Normal view
MARC view
- Weygandt, Jerry J.,; Kieso, Donald E.,; Kimmel, Paul D
Entry Personal Name
001 - CONTROL NUMBER
- control field: 5317
003 - CONTROL NUMBER IDENTIFIER
- control field: OSt
005 - DATE AND TIME OF LATEST TRANSACTION
- control field: 20230517055334.0
008 - FIXED-LENGTH DATA ELEMENTS
- fixed length control field: 230517|| aca||aabn | a|a d
040 ## - CATALOGING SOURCE
- Original cataloging agency: OSt
- Transcribing agency: OSt
100 ## - HEADING--PERSONAL NAME
- Personal name: Weygandt, Jerry J.,; Kieso, Donald E.,; Kimmel, Paul D
670 ## - SOURCE DATA FOUND
- Source citation: Work cat.: (OSt): Weygandt, Jerry J.,; Kieso, Donald E.,; Kimmel, Paul D., Accounting Principles /, 2005.
